000 00643nam a22001937a 4500
005 20170630125755.0
010 _aENG-119087
020 _a9789385160981
_c1295.00
035 _aEN-102619
037 _bDBAD/PUB
082 _a921
245 _aField marshal K M cariappa:
_bgreat military leader /
_cedited by Harsharan Singh
260 _aNew Delhi
_bLenin Media
_c2016
270 _a202, IInd Floor, 4832/24, Prahlad Street, Ansari Road, Daryaganj, New Delhi-110002
300 _a238p
_c22cm.(Hb)
500 _aIncludes bibliographical refrence and index
700 _aHarsharn Singh
942 _2ddc
_cEN
_h921
_mFIE
999 _c142208
_d142208